Holiday Math Quiz Stats

 Plays Quiz Updated Feb 25, 2020

Support Sporcle.
Go Orange.
Score 0/10 Timer 02:00
0 Plays Today
Holidays Answer % Correct
New Year's Eve + New Year's Day =32
85.9%
Halloween - Valentine's Day =17
81.9%
April Fool's Day + St. Patrick's Day =18
81%
Independence Day x Groundhog Day =8
67.1%
Summer Solstice - Winter Solstice =0
63.3%
Christmas Eve x Christmas Eve =576
55.3%
Flag Day - Cinco de Mayo =9
54.5%
Earth Day / Veterans Day =2
47%
Leap Day + Lincoln's Birthday =41
46%
United Nations Day / Epiphany =4
30.1%

You're not logged in!

Compare scores with friends on all Sporcle quizzes.
OR
Log In

From the Vault

Book by Page 61 Excerpt

by NJSB

Why page 61? It just feels right.
Remove Ads.
Support Sporcle.
Get the best of Sporcle when you Go Orange. This ad-free experience offers more features, more stats, and more fun while also helping to support Sporcle. Thank you for becoming a member.

Show Comments

Extras

Top Quizzes Today


Score Distribution

Your Account Isn't Verified!

In order to create a playlist on Sporcle, you need to verify the email address you used during registration. Go to your Sporcle Settings to finish the process.

Report this User

Report this user for behavior that violates our Community Guidelines.

Details: